Normal view
MARC view
- Canfield J
Entry Personal Name
001 - CONTROL NUMBER
- control field: 28135
003 - CONTROL NUMBER IDENTIFIER
- control field: OSt
005 - DATE AND TIME OF LATEST TRANSACTION
- control field: 20220803173202.0
008 - FIXED-LENGTH DATA ELEMENTS
- fixed length control field: 220803|| aca||aabn | a|a d
040 ## - CATALOGING SOURCE
- Original cataloging agency: OSt
- Transcribing agency: OSt
100 ## - HEADING--PERSONAL NAME
- Personal name: Canfield J
670 ## - SOURCE DATA FOUND
- Source citation: Work cat.: (OSt)17865: Canfield J, Chicken Soup For The Indian Romantic Soul, 2009